MARC

LEADER 00000nam0a2200000 4500
001 353951
005 20231102010637.0
035 |a (RuTPU)RU\TPU\retro\11209 
090 |a 353951 
100 |a 20200608d1959 k y0rusy50 ca 
101 0 |a rus 
102 |a RU 
105 |a af z 000zy 
200 1 |a К методике обработки гидрогеологических наблюдений на шахтных полях и в шахтах  |e [оттиск статьи]  |f П. А. Удодов 
210 |a Томск  |c Изд-во Томского ун-та  |d 1959 
215 |a С. 383-386  |c ил. 
225 1 |a Вопросы геологии Кузбасса  |v № 2 
225 1 |a Известия Томского Политехнического Института  |v Т. 99 
606 1 |a Гидрогеологические исследования  |x Обработка результатов  |2 stltpush  |3 (RuTPU)RU\TPU\subj\6620  |9 34455 
610 1 |a коллекция ТПУ 
610 1 |a труды учёных ТПУ 
610 1 |a оттиски 
610 1 |a разведочные скважины 
610 1 |a горные выработки 
610 1 |a графики 
610 1 |a Анжеро-Судженский район 
610 1 |a литолого-стратиграфическая характеристика 
675 |a 556.3.04  |v 4 
700 1 |a Удодов  |b П. А.  |c геохимик  |c профессор Томского политехнического института  |f 1903-1981  |g Павел Афанасьевич  |2 stltpush  |3 (RuTPU)RU\TPU\pers\9241 
801 1 |a RU  |b 63413507  |c 20200608 
942 |c BK